Biblioteca

Las cartas de la reina Jezabel (Registro nro. 63839)

Detalles MARC
000 -LÍDER
Campo fijo de descripción fija 01615nam a2200445 b 4500
001 - NÚMERO DE CONTROL
Campo de control 768714001
003 - IDENTIFICADOR DEL NÚMERO DE CONTROL
Campo de control CO-MdFUSB
005 - FECHA Y HORA DE LA ULTIMA TRANSACCIÓN
control field 20170829090154.0
008 - ELEMENTOS DE LONGITUD FIJA -- INFORMACIÓN GENERAL
Campo fijo de descripción fija -- Información general 070725s2007 sp | ||| ||spa
017 ## - COPYRIGHT OR LEGAL DEPOSIT NUMBER
Copyright or legal deposit number S 685-2007
Assigning agency Oficina Depósito Legal Salamanca
020 ## - NÚMERO INTERNACIONAL NORMALIZADO PARA LIBROS
Número Internacional Normalizado del libro 9788430116409
040 ## - FUENTE DE CATALOGACIÓN
Agencia de catalogación original SpMaBN
Idioma de catalogación spa
Agencia que realiza la transcripción CO-MdFUSB
Convenciones de la descripción rdc
Agencia que realiza la modificación CO-MdFUSBC
041 1# - CÓDIGO DE IDIOMA
Código de idioma para texto/pista de sonido o título separado spa
Código de idioma original eng
080 ## - UNIVERSAL DECIMAL CLASSIFICATION NUMBER
Universal Decimal Classification number 929 Jezabel (33)(0:82)
080 ## - UNIVERSAL DECIMAL CLASSIFICATION NUMBER
Universal Decimal Classification number 821.111(73)-31"19"
082 ## - NÚMERO DE CLASIFICACIÓN DECIMAL DEWEY
Número de la edición del Dewey 24
Número de clasificación G 222.5092
Clave de autor-Numero de item B365c
100 1# - ASIENTO PRINCIPAL--NOMBRE PERSONAL
Nombre personal Beach, Eleanor Ferris,
Fechas asociadas con el nombre 1946-
Término relacionador autor
240 14 - TITULO UNIFORME
Título uniforme <a href="The Jezebel letters">The Jezebel letters</a>
245 14 - TÍTULO
Título del Material Las cartas de la reina Jezabel
Parte restante del título - Subtitulo : religión y política en el Israel del siglo IX a.C.
Mención de responsabilidad, etc. / Eleanor Ferris Beach ; traducción de Carmen Herrans Pascual
264 #1 - PRODUCCIÓN, PUBLICACIÓN, DISTRIBUCIÓN, MANUFACTURA, Y COPYRIGHT
Lugar de producción, publicación, distribución, manufactura Salamanca:
Nombre del productor, publicador, distribuidor Sígueme,
Fecha de producción, publicación, distribución, manufactura, o copyright ℗[2007]
264 #4 - PRODUCCIÓN, PUBLICACIÓN, DISTRIBUCIÓN, MANUFACTURA, Y COPYRIGHT
Fecha de producción, publicación, distribución, manufactura, o copyright ©2007
300 ## - DESCRIPCIÓN FÍSICA
Extensión 253 p.
Otros detalles físicos il., mapa
Dimensiones 22 cm
336 ## - TIPO DE CONTENIDO
Fuente rdacontent
Término de tipo de contenido
Código de tipo de contenido
337 ## - TIPO DE MEDIO
Fuente rdamedia
Nombre del tipo de medio
Código del tipo de medio
338 ## - TIPO DE SOPORTE
Fuente rdacarrier
Nombre del tipo de soporte
Código Tipo de soporte
490 ## - MENCIÓN DE SERIE
Mención de serie El peso de los días
500 ## - NOTA GENERAL
Nota General Cronología: p. [244-245]
504 ## - NOTA DE BIBLIOGRAFÍA, ETC.
Nota de bibliografía, etc Bibliografía: p. [237]-242. Índices
505 ## - NOTA DE CONTENIDO
Nota de contenido con formato preestablecido Tiro -- Tirsá -- Samaria -- El monte Baal -- Yizreel -- Beit ha Kerem -- Karka -- Ecrón -- Dibóbn -.- Damasco -- Ramot de Galaad -- Jerusalén -- Dor -- Epílogos
563 ## - NOTA DE ENCUADERNACIÓN
Nota de encuadernación pasta dura
600 17 - ASIENTO SECUNDARIO DE MATERIA - NOMBRE PERSONAL
Nombre personal Jezabel,
Títulos y otros términos asociados al nombre Reina consorte de Ahab, Rey de Israel
Subdivisión de forma Novelas
Fuente del encabezamiento o término embne
630 #0 - TITULO UNIFORME
Título uniforme Biblia.
Nombre de parte o sección de la obra Reyes
Subdivisión de materia general Biografía
720 ## - ASIENTO SECUNDARIO - NOMBRE NO CONTROLADO
Nombre Herranz Pascual, Carmen
Término de relación traductor
830 ## - PUNTO DE ACCESO ADICIONAL DE SERIE - TÍTULO UNIFORME
Designación de volumen o secuencia 57
942 ## - TIPO DE MATERIAL (KOHA)
Tipo de Item KOHA Libros General
956 ## - LOCAL ELECTRONIC LOCATION AND ACCESS (OCLC)
Host name 2
Existencias
Estado de Material Estado de Perdido Forma de Clasificación Estado de Dañado No para Préstamo Colección Biblioteca de Origen Biblioteca Permanente Fecha de Adquisición Total de Préstamos Signatura Topográfica Código de Barras Última vez visto Última vez Préstado Ejemplar/Existencia Fecha de Remplazo Tipo de Material
    Dewey Decimal Classification     Colección General Biblioteca FUSBC Biblioteca FUSBC 07/03/2017 3 G 222.5092 B365c 5411 12/03/2024 01/03/2024 Ej. 1 07/03/2017 Libros General

Biblioteca FUSBC | Teléfono: (57+4) 349 88 10 Ext. 141| WhatsApp (+57) 3005338115 
E-mail: biblioteca@unisbc.edu.co | Calle 76 87-14 Robledo Palenque, Medellín, Colombia

Con tecnología Koha